Lithuanian leaders - Statistics

General Stats
  • This quiz has been taken 6 times
  • The average score is 13 of 63
Answer Stats
Hint Answer % Correct
1377–1381 Jogaila
100%
1382–1392 Jogaila
100%
1236–1263 Mindaugas
100%
1345–1377 Algirdas
83%
1988–1990 Algirdas Brazauskas
67%
1993–1998 Algirdas Brazauskas
67%
1919 m. April 4 d. 1920 m. June19 d. Antanas Smetona
67%
1926 m. December 19 d. 1940 m. June 15 d. Antanas Smetona
67%
1316–1341 Gediminas
67%
Since 2019 Gitanas Nausėda
67%
1381–1382 Kęstutis
67%
2009–2019 Dalia Grybauskaitė
50%
1926 m. June7 d. 1926 m. December 17 d. Kazys Grinius
50%
2003–2004 Rolandas Paksas
50%
1998–2003 Valdas Adamkus
50%
2004–2009 Valdas Adamkus
50%
1990–1992 Vytautas Landsbergis
50%
1940–1941, 1944–1974 Antanas Sniečkus
33%
1796–1801 Pavelas I
17%
1576–1586 Steponas Batoras
17%
1430–1432 Švitrigaila
17%
1269–1282 Traidenis
17%
1263–1264 Treniota
17%
1492–1506 Aleksandras I
0%
1801–1825 Aleksandras I
0%
1855–1881 Aleksandras II
0%
1881–1894 Aleksandras III
0%
1920 m. June19 d. 1922 m. December 21 d. Aleksandras Stulginskis
0%
1922 m. December 21 d. 1926 m. June7 d. Aleksandras Stulginskis
0%
1940 m. June 15 d. 1940 m. June 17 d. Antanas Merkys
0%
2004 Artūras Paulauskas
0%
1697–1706 Augustas II
0%
1709–1733 Augustas II
0%
1733–1763 Augustas III
0%
1285–1291 Butigeidis
0%
1291–1295 Butvydas
0%
1282–1285 Daumantas
0%
1573–1575 Henry III de Valois
0%
1341–1345 Jaunutis
0%
1795–1796 Jekaterina II
0%
1648–1668 Jonas I Kazimieras Vaza
0%
1674–1696 Jonas Sobieskis
0%
1926 m. December 17 d. 1926 m. December 18 d. Jonas Staugaitis
0%
1949 m. February 16 d. 1953 m. March 30 d. Jonas Žemaitis-Vytautas
0%
1440–1492 Kazimieras Jogailaitis
0%
1918 Mindaugas II
0%
1669–1673 Mykolas Kaributas Višnioveckis
0%
1825–1855 Nikolajus I
0%
1894-1917 Nikolajus II
0%
1974–1987 Petras Griškevičius
0%
1987–1988 Ringaudas Songaila
0%
1764–1795 Stanislovas Augustas Poniatovskis
0%
1706–1709 Stanislovas Leščinskis
0%
1733–1736 Stanislovas Leščinskis
0%
1267–1269 Švarnas
0%
1264–1267 Vaišvilkas
0%
1632–1648 Vladislovas IV Vaza
0%
1392–1430 Vytautas Didysis
0%
1295–1316 Vytenis
0%
1588–1632 Zigmantas Vaza
0%
1548–1572 Žygimantas Augustas
0%
1432–1440 Žygimantas Kęstutaitis
0%
1506–1548 Žygimantas Senasis
0%
No matching quizzes found
Score Distribution
Percent of People with Each Score
Percentile by Number Answered
Your Score History
You have not taken this quiz